Statistics for Taylor Swift's Permanent Marker Lyrics

Click here to take the quiz!

General Stats

  • This quiz has been taken 136 times
  • The average score is 118 of 165

Answer Stats

Answer % Correct
I
98%
You
98%
you
98%
a
95%
A
95%
the
90%
Permanent
89%
mark
89%
permanent
89%
marker
88%
your
88%
Marker
88%
is
82%
me
81%
he
81%
He
81%
In
80%
in
80%
on
80%
to
78%
are?
78%
To
78%
know
77%
face
76%
do
75%
Of
75%
were
75%
of
75%
think
73%
Who
73%
Just
73%
drew
71%
like
71%
heart
70%
write
70%
his
69%
X
69%
shape
69%
loved
67%
time
67%
should
66%
Oh
65%
knew
65%
So
64%
through
64%
that
64%
it
63%
thought
63%
making
63%
I'm
63%
long
61%
good
61%
ago
61%
never
60%
for
60%
him
60%
yeah
59%
back
59%
not
58%
Or
57%
them
57%
all
57%
jealous
57%
as
57%
But
57%
up
57%
picture
57%
dress
55%
ain't
55%
found
55%
enough
55%
green
54%
had
54%
anything
54%
find
53%
Sure
53%
trying
53%
off
53%
'Cause
52%
mess
52%
might
52%
show
51%
Now
49%
well
49%
Cleaning
49%
maturity
49%
wall
49%
he'll
48%
pieces
48%
tape
48%
30
48%
together
48%
sit
48%
keep
47%
knows
46%
Tried
43%

Score Distribution

Percentile by Number Answered

Percent of People with Each Score

Your Score History

You have not taken this quiz